F1 Winners: Sebastian Vettel - Statistics

General Stats
  • This quiz has been taken 3,320 times
  • The average score is 47 of 53
Answer Stats
Season Team Race % Correct
2008 Toro Rosso Italy
96%
2011 Red Bull Italy
96%
2013 Red Bull Italy
96%
2011 Red Bull Australia
93%
2017 Ferrari Australia
93%
2018 Ferrari Australia
93%
2013 Red Bull United States
93%
2010 Red Bull Brazil
92%
2013 Red Bull Brazil
92%
2017 Ferrari Brazil
92%
2010 Red Bull Europe
92%
2011 Red Bull Europe
92%
2013 Red Bull Germany
92%
2009 Red Bull Great Britain
92%
2018 Ferrari Great Britain
92%
2011 Red Bull Singapore
92%
2012 Red Bull Singapore
92%
2013 Red Bull Singapore
92%
2015 Ferrari Singapore
92%
2019 Ferrari Singapore
92%
2009 Red Bull Japan
91%
2010 Red Bull Japan
91%
2012 Red Bull Japan
91%
2013 Red Bull Japan
91%
2011 Red Bull Spain
91%
2011 Red Bull Belgium
90%
2013 Red Bull Belgium
90%
2018 Ferrari Belgium
90%
2009 Red Bull China
90%
2009 Red Bull Abu Dhabi
88%
2010 Red Bull Abu Dhabi
88%
2013 Red Bull Abu Dhabi
88%
2013 Red Bull Canada
88%
2018 Ferrari Canada
88%
2011 Red Bull Monaco
88%
2017 Ferrari Monaco
88%
2012 Red Bull Bahrain
87%
2013 Red Bull Bahrain
87%
2017 Ferrari Bahrain
87%
2018 Ferrari Bahrain
87%
2010 Red Bull Malaysia
87%
2011 Red Bull Malaysia
87%
2013 Red Bull Malaysia
87%
2015 Ferrari Malaysia
87%
2015 Ferrari Hungary
85%
2017 Ferrari Hungary
85%
2011 Red Bull India
82%
2012 Red Bull India
82%
2013 Red Bull India
82%
2011 Red Bull Korea
75%
2012 Red Bull Korea
75%
2013 Red Bull Korea
75%
2011 Red Bull Turkey
70%
No matching quizzes found
Score Distribution
Percent of People with Each Score
Percentile by Number Answered
Your Score History
You have not taken this quiz